000 00541nam a22001937a 4500
003 KOHA_MİRAKIL
005 20241003053915.0
008 241002b2011 tu ||||| |||| 00| 0 tur d
020 _a9786056180125
040 _aTR-AnABB
_btur
_cTR-AnABB
041 _atur
082 _a828.3354
_bKAU 2011
100 1 _aKaufman, Andrew
_9884
245 1 0 _aSu geçirmez İncil /
_cAndrew Kaufman.
260 _aİstanbul :
_bDomingo Yayınevi,
_c2011.
300 _a244 sayfa ;
_c20 cm.
650 _aAmerikan edebiyatı, roman
_914
942 _2ddc
_cBK
999 _c7440
_d7440
900 _bCan Çelik